00591nam a2200193Ia 4500003000900000008004100009020001800050040001600068080001600084100001600100245010500116260004600221300001400267650004100281650001900322650001800341650002100359650001700380IN-BaIIA211028s9999 xx 000 0 eng d a0-231-06492-6 cIIA Library a523.47bBUR aBurgess, E. 0aUranus and Neptunebthe distant giantscBurgess, E  aNew YorkbColumbia University Pressc1988 axii,188p. aAstronomy and astrophysics thesaurus aPlanet Neptune aPlanet Uranus aPlanetary system aSolar system